|
|
|
|
| LEADER |
00000nab a2200000 a 4500 |
| 001 |
vtls000306181 |
| 003 |
SK-MaSNL |
| 005 |
20260303193134.0 |
| 008 |
230127c1988 xo 0 slo |
| 015 |
|
|
|a SNBRB19rr/mm-uuuuu
|
| 035 |
|
|
|a CL0316300
|
| 035 |
|
|
|a urn:nbn:sk:snk-abemf4
|
| 035 |
|
|
|a (urnnbn)urn:nbn:sk:snk:ar-00726v
|
| 035 |
|
|
|a (uuid)e34b8b39-42fe-46d9-be09-e3cff9bc5edb
|
| 040 |
|
|
|a SNKBUCL
|b slo
|c SNKBUCL
|e AACR2
|
| 041 |
0 |
|
|a slo
|
| 044 |
|
|
|a xo
|c SK
|
| 080 |
|
|
|a 639.21:597.583.1:637.65
|2 1981
|
| 080 |
|
|
|a 597.583.1
|2 1981
|
| 080 |
|
|
|a 637.65
|2 1981
|
| 080 |
|
|
|a 639.21
|2 1981
|
| 100 |
1 |
|
|a Krupka, Ivan
|4 aut
|9 712607
|
| 245 |
1 |
0 |
|a Trofej ostrieža
|c Ivan Krupka
|
| 300 |
|
|
|b Obr. 3.
|
| 650 |
0 |
7 |
|a ostrieže
|2 snkbucl
|9 19251
|
| 650 |
0 |
7 |
|a rybárske trofeje
|2 snkbucl
|9 55315
|
| 655 |
|
7 |
|a články z novín a časopisov
|2 snkbucl
|9 267496
|
| 773 |
0 |
|
|t Poľovníctvo a rybárstvo
|g Roč. 40, č. 2 (1988), s. 75
|
| 850 |
|
|
|a Slovenská národná knižnica v Martine
|a MTA001
|
| 852 |
|
|
|a SNK
|b KIS3GCP
|
| 954 |
|
|
|a odborná, vedecká literatúra pôvodná (slovenská)
|2 lita
|
| 958 |
|
|
|a RK
|
| 958 |
|
|
|a OND
|
| 958 |
|
|
|a EUIPO
|
| 958 |
|
|
|a article27
|
| 992 |
|
|
|a RBX
|
| 999 |
|
|
|c 2150621
|d 2152551
|